000 00285nam a2200109Ia 4500
008 200302s9999 xx 000 0 und d
100 _aPierre Von Meiss
245 _aElements of Architecture From to Place
260 _bRoutledge Taylor & Francis Group
260 _c2011
300 _a211
999 _c3573
_d3573